000 00687nam a2200253Ia 4500
008 180523s9999 xx 000 0 und d
020 _a971-08-2954-8
050 _aMAIN BF 713
050 _b.H87 1980
100 _aHurlock, Elizabeth Bergner.
245 0 _aDevelopment psychology :
245 2 _ba life-span approach /
245 0 _cElizabeth Bergner Hurlock.
250 _a5th Edition
260 _aNew York :
260 _bMcGraw-Hill,
260 _c1980
300 _a477 pages :
300 _billustrations ;
300 _c25 cm.
500 _aIncludes bibiliographical references and index.
650 _aDevelopment psychology
650 _xHuman development.
999 _c356579
_d356579